Stati indipendenti, morte improvvisa! - Statistics

Statistiche generali
  • Questo quiz è stato fatto 182 volte
  • Il punteggio medio è 11 su 15
Answers on the Grid
Answers color-coded by a green-red scale on the quiz's grid according to % correct below.
Dominica
Nuova caledonia
Mayotte
Comore
Niue
Christmas island
Micronesia
Palau
Marshall
Guam
Nauru
Guadalupa
Timor est
Polinesia
Bermuda
Isole Cook
Saint Vincent e grenadine
Tonga
Saint-Barthélemy
Saint-Marteen
Trinidad e Tobago
Anguilla
Grenada
Barbados
Bouvet
Tristan da Cunha
Tuvalu
Samoa
Sao Tomé e principe
Tokelau
 
Statistiche sulle risposte
Risposta % Corretto
Dominica
87%
Micronesia
78%
Palau
74%
Sao Tomé e principe
74%
Trinidad e Tobago
74%
Timor est
73%
Tonga
73%
Comore
72%
Nauru
72%
Samoa
72%
Barbados
70%
Tuvalu
70%
Saint Vincent e grenadine
68%
Grenada
66%
Marshall
65%
Nessun quiz corrispondente trovato
Distribuzione punteggi
Percentuale di utenti per punteggio
Percentile per numero di risposta
I tuoi punteggi nel tempo
Non hai fatto questo quiz